[Event "WEM Meisterturnier 2015"]
[Site "Stuttgart Botnang"]
[Date "2015.09.01"]
[Round "4.3"]
[White "Latzke, Boris Alexander"]
[Black "Smolny, Frieder"]
[Result "1-0"]
[WhiteElo "2257"]
[BlackElo "2156"]
[PlyCount "103"]
[EventDate "2015.??.??"]
[EventCountry "GER"]
[SourceDate "2015.09.01"]
[WhiteTeam "SK Bebenhausen"]
[BlackTeam "SC Weiße Dame Ulm"]

1. d4 Nf6 2. c4 g6 3. Nc3 d5 4. Nf3 Bg7 5. Qb3 dxc4 6. Qxc4 O-O 7. e4 a6 8. Be2
b5 9. Qb3 c5 10. dxc5 Be6 11. Qc2 Nbd7 12. Be3 Rc8 13. Rd1 b4 14. Na4 Qa5 15.
b3 Ng4 16. Bd4 Bxd4 17. Nxd4 Nxc5 18. Nxc5 Rxc5 19. Qd2 Bc8 20. O-O Qc7 21.
Bxg4 Bxg4 22. f3 e5 23. fxg4 exd4 24. Qxd4 Rc2 25. Rd2 a5 26. h3 Rxd2 27. Qxd2
Rd8 28. Qg5 Re8 29. Qf4 Qb6+ 30. Kh2 Re7 31. Rc1 Kg7 32. g5 Qe6 33. Rc5 Qxe4
34. Qxe4 Rxe4 35. Rxa5 h6 36. gxh6+ Kxh6 37. Kg3 Re2 38. Kf3 Rc2 39. Ra4 Kh5
40. Rxb4 Rxa2 41. Rb8 Rb2 42. g4+ Kh6 43. h4 f6 44. b4 Rb1 45. Rb5 f5 46. gxf5
gxf5 47. Kf4 Rf1+ 48. Ke5 Kh5 49. Kf6 Kg4 50. h5 f4 51. Rg5+ Kf3 52. h6 1-0

[Event "WEM Meisterturnier 2015"]
[Site "Stuttgart Botnang"]
[Date "2015.09.01"]
[Round "4.4"]
[White "Gustain, Marc"]
[Black "Fischer, Sebastian"]
[Result "0-1"]
[WhiteElo "2156"]
[BlackElo "2222"]
[PlyCount "86"]
[EventDate "2015.??.??"]
[EventCountry "GER"]
[SourceDate "2015.09.01"]
[WhiteTeam "SF Deizisau"]
[BlackTeam "TSV Schönaich"]

1. d4 f5 2. Bg5 h6 3. Bh4 g5 4. e4 Nf6 5. e5 e6 6. exf6 Qxf6 7. Bg3 f4 8. Bd3
d5 9. Qh5+ Kd8 10. Nf3 Nc6 11. Nc3 Bd7 12. O-O-O fxg3 13. hxg3 Be8 14. Qh3 h5
15. g4 Bg7 16. Bb5 Qf4+ 17. Nd2 Qxg4 18. Bxc6 Qxh3 19. gxh3 Bxc6 20. Nf3 Bh6
21. Ne5 Be8 22. Rde1 b6 23. Ne2 Rf8 24. Rh2 Ke7 25. c3 Rc8 26. Kc2 c5 27. Rg2
Rf5 28. b3 Kd6 29. Nd3 Bg6 30. Kd1 Rff8 31. Ne5 Be4 32. f3 Bxf3 33. Rf2 g4 34.
hxg4 hxg4 35. Nxf3 Rxf3 36. Rg2 Rd3+ 37. Kc2 Rd2+ 38. Kb1 cxd4 39. Rxg4 dxc3
40. Nf4 Bxf4 41. Rxf4 Rb2+ 42. Ka1 Rh8 43. Rf6 Re2 0-1

[Event "WEM Meisterturnier 2015"]
[Site "Stuttgart Botnang"]
[Date "2015.09.01"]
[Round "4.5"]
[White "Sokratov, Stanislav"]
[Black "Geshnizjani, Ramin Tobias"]
[Result "1-0"]
[WhiteElo "2192"]
[BlackElo "2081"]
[PlyCount "119"]
[EventDate "2015.??.??"]
[EventCountry "GER"]
[SourceDate "2015.09.01"]
[WhiteTeam "SC Erdmannhausen"]
[BlackTeam "Heilbronner SV"]

1. d4 d5 2. c4 e6 3. Nf3 Nf6 4. g3 Be7 5. Bg2 O-O 6. O-O dxc4 7. Qc2 a6 8. a4
Bd7 9. Qxc4 Nc6 10. Bf4 Nd5 11. Bd2 b5 12. Qc1 b4 13. e4 Nf6 14. Qc2 Rc8 15.
Be3 Na5 16. Ne5 c5 17. dxc5 Nb7 18. Qe2 Nxc5 19. Nd2 a5 20. Bxc5 Rxc5 21. Nxd7
Nxd7 22. Nb3 Rc8 23. Rfd1 Qc7 24. Rac1 Nc5 25. Rc4 Qb6 26. Qc2 Rc7 27. Nd4 Na6
28. Rxc7 Qxc7 29. Qxc7 Nxc7 30. Nc6 Bc5 31. Nxa5 e5 32. Rd7 Ne6 33. Nc6 Ra8 34.
b3 Nd4 35. Nxd4 Bxd4 36. Bf1 Kf8 37. Bc4 Ra7 38. Rd8+ Ke7 39. Rb8 Bc3 40. Rb5
g6 41. Bd5 f5 42. f3 Rc7 43. Kg2 Bd4 44. Bc4 Bc5 45. a5 Bd6 46. a6 Bc5 47. Kh3
Bd6 48. Bd5 Ra7 49. Bb7 Ke6 50. Kg2 h5 51. Kf1 g5 52. exf5+ Kxf5 53. h3 h4 54.
Rb6 Ke6 55. gxh4 gxh4 56. Ke2 Kd7 57. Kd3 Bc5 58. Rh6 Bf2 59. Kc4 Be1 60. Kd5
1-0

[Event "WEM Meisterturnier 2015"]
[Site "Stuttgart Botnang"]
[Date "2015.09.01"]
[Round "4.6"]
[White "Schmidt, Tobias"]
[Black "Höglauer, Patrick"]
[Result "1-0"]
[WhiteElo "2121"]
[BlackElo "2168"]
[PlyCount "117"]
[EventDate "2015.??.??"]
[EventCountry "GER"]
[SourceDate "2015.09.01"]
[WhiteTeam "SC Erdmannhausen"]
[BlackTeam "SV Backnang"]

1. e4 c6 2. d4 d5 3. Nc3 dxe4 4. Nxe4 Bf5 5. Ng3 Bg6 6. h4 h6 7. Nf3 Nd7 8. h5
Bh7 9. Bd3 Bxd3 10. Qxd3 e6 11. Bd2 Ngf6 12. O-O-O Be7 13. Kb1 O-O 14. Ne4 Nxe4
15. Qxe4 Nf6 16. Qe2 Qd5 17. Nh4 Qe4 18. Qxe4 Nxe4 19. Be1 Rfd8 20. f3 Nd6 21.
g4 Rd7 22. Ng2 Rad8 23. Bf2 Nb5 24. c3 c5 25. a4 Nc7 26. Kc2 Na6 27. dxc5 Bxc5
28. Bh4 Rxd1 29. Rxd1 Rxd1 30. Kxd1 Bd6 31. b4 Nc7 32. Kc2 g5 33. Bf2 a6 34.
Ne3 b5 35. Kb3 Nd5 36. axb5 axb5 37. Nc2 e5 38. Bg3 f5 39. gxf5 Kf7 40. Na3 Nc7
41. c4 Kf6 42. cxb5 Nd5 43. Nc4 Bxb4 44. Nxe5 Kxf5 45. Ng4 Bf8 46. Kc4 Ke6 47.
Kd4 Nb6 48. Bc7 Nd7 49. Kc4 Bd6 50. b6 Bc5 51. Kb5 Kd5 52. Nxh6 Bxb6 53. Bxb6
Ne5 54. Ng4 Nxf3 55. h6 Nh4 56. h7 Ng6 57. Bd8 Ke6 58. Bf6 Kf5 59. Ne5 1-0

[Event "WEM Meisterturnier 2015"]
[Site "Stuttgart Botnang"]
[Date "2015.09.01"]
[Round "4.7"]
[White "Maj, Kornel"]
[Black "Gheng, Josef"]
[Result "1/2-1/2"]
[WhiteElo "2051"]
[BlackElo "2376"]
[PlyCount "77"]
[EventDate "2015.??.??"]
[EventCountry "GER"]
[SourceDate "2015.09.01"]
[WhiteTeam "Stuttgarter SF"]
[BlackTeam "SC Erdmannhausen"]

1. e4 c5 2. c3 Nf6 3. e5 Nd5 4. d4 cxd4 5. Nf3 Nc6 6. cxd4 d6 7. Bc4 e6 8. O-O
Be7 9. Qe2 O-O 10. Qe4 Na5 11. Bd3 g6 12. Nc3 Bd7 13. exd6 Bxd6 14. Bg5 Nxc3
15. bxc3 f6 16. Bh6 Re8 17. h4 Rc8 18. Rac1 b5 19. h5 f5 20. Qe3 Bc6 21. Ne5
Bxe5 22. dxe5 Rc7 23. Rcd1 Qh4 24. hxg6 hxg6 25. Bg5 Qg4 26. f3 Qa4 27. Bf6 Rh7
28. Qg5 Kf7 29. Bd8 Nb7 30. Be4 fxe4 31. fxe4+ Kg8 32. Rd4 Qxa2 33. Bf6 Kf7 34.
Bd8+ Kg8 35. Bf6 Kf7 36. Bd8+ Kg8 37. Bf6 Kf7 38. Be7+ Kg8 39. Bf6 1/2-1/2

[Event "WEM Meisterturnier 2015"]
[Site "Stuttgart Botnang"]
[Date "2015.09.01"]
[Round "4.8"]
[White "Grill, Bernd"]
[Black "Behrendt, Clemens"]
[Result "1-0"]
[WhiteElo "2220"]
[BlackElo "2120"]
[PlyCount "101"]
[EventDate "2015.??.??"]
[EventCountry "GER"]
[SourceDate "2015.09.01"]
[WhiteTeam "SV Ebersbach"]
[BlackTeam "SC Böblingen"]

1. c4 Nf6 2. g3 g6 3. Bg2 Bg7 4. Nc3 c5 5. Nf3 Nc6 6. O-O O-O 7. d4 cxd4 8.
Nxd4 Nxd4 9. Qxd4 d6 10. Qd3 Bf5 11. e4 Be6 12. b3 Nd7 13. Bb2 Nc5 14. Qe2 Qd7
15. Rad1 Rae8 16. Nb5 f6 17. Nxa7 Ra8 18. Bd4 Rxa7 19. Bxc5 Ra5 20. Bb6 Ra3 21.
Bc5 Ra5 22. Bb4 Rh5 23. Bc3 b5 24. cxb5 Qxb5 25. Qxb5 Rxb5 26. Rd2 Rc8 27. Bd4
Ra5 28. Rb1 Ra3 29. Bf1 Rb8 30. f3 Bh6 31. Rc2 Bf7 32. Kf2 Bf8 33. Ke1 e5 34.
Be3 d5 35. exd5 Bxd5 36. Kf2 Be6 37. Rbb2 Bf5 38. Rc7 g5 39. Bc4+ Kh8 40. Rf7
Bg6 41. Rxf6 Bg7 42. Bxg5 e4 43. fxe4 Bxe4 44. Re2 h6 45. Bh4 Bb1 46. Ra6 Bd4+
47. Kg2 Rxa6 48. Bxa6 Ra8 49. Bc4 Bxa2 50. Rd2 Bg7 51. Rd8+ 1-0

[Event "WEM Meisterturnier 2015"]
[Site "Stuttgart Botnang"]
[Date "2015.09.01"]
[Round "4.9"]
[White "Gabriel, Robert"]
[Black "Fuß, Klaus"]
[Result "1-0"]
[WhiteElo "2184"]
[BlackElo "2099"]
[PlyCount "61"]
[EventDate "2015.??.??"]
[EventCountry "GER"]
[SourceDate "2015.09.01"]
[WhiteTeam "Stuttgarter SF"]
[BlackTeam "SG Turm Albstadt"]

1. d4 Nf6 2. c4 e6 3. Nf3 Bb4+ 4. Bd2 c5 5. e3 O-O 6. Bd3 b6 7. Bxb4 cxb4 8.
O-O d6 9. Nbd2 Nc6 10. Qc2 e5 11. Ne4 h6 12. dxe5 dxe5 13. Rad1 Bg4 14. c5 bxc5
15. Qxc5 Rc8 16. Bb1 Nd7 17. Qd5 Nb6 18. Qxd8 Rfxd8 19. Nd6 Rc7 20. Bf5 Bxf3
21. gxf3 Ne7 22. Nb5 Rxd1 23. Rxd1 Nxf5 24. Rd8+ Kh7 25. Nxc7 Na4 26. Kf1 Nxb2
27. Na6 Nh4 28. Ke2 Na4 29. Nxb4 a5 30. Nd5 f6 31. Ra8 1-0

[Event "WEM Meisterturnier 2015"]
[Site "Stuttgart Botnang"]
[Date "2015.09.01"]
[Round "4.10"]
[White "Kunz, Walter"]
[Black "Reimche, Vadim"]
[Result "1/2-1/2"]
[WhiteElo "2167"]
[BlackElo "2005"]
[PlyCount "69"]
[EventDate "2015.??.??"]
[EventCountry "GER"]
[SourceDate "2015.09.01"]
[WhiteTeam "SC Botnang"]
[BlackTeam "SF Ravensburg"]

1. e4 c5 2. Nf3 Nc6 3. d4 cxd4 4. Nxd4 Nf6 5. Nc3 e5 6. Ndb5 d6 7. Bg5 a6 8.
Na3 b5 9. Nd5 Be7 10. Bxf6 Bxf6 11. c3 Rb8 12. Nc2 a5 13. Nxf6+ gxf6 14. Ne3
Be6 15. Be2 O-O 16. O-O Ne7 17. Qd2 d5 18. exd5 Nxd5 19. Nxd5 Bxd5 20. Rad1 Bc4
21. Qh6 Qb6 22. Bg4 Be6 23. Bxe6 Qxe6 24. Rd3 Kh8 25. Rfd1 f5 26. Qxe6 fxe6 27.
Rd7 e4 28. Kf1 Kg8 29. Re7 Rfe8 30. Rdd7 Rxe7 31. Rxe7 Rb6 32. Ra7 a4 33. Ke2
Rd6 34. Rb7 Rd5 35. f3 1/2-1/2

[Event "WEM Meisterturnier 2015"]
[Site "Stuttgart Botnang"]
[Date "2015.09.01"]
[Round "4.11"]
[White "Amos, Frank"]
[Black "Reck, Moritz"]
[Result "0-1"]
[WhiteElo "2106"]
[BlackElo "2157"]
[PlyCount "71"]
[EventDate "2015.??.??"]
[EventCountry "GER"]
[SourceDate "2015.09.01"]
[WhiteTeam "SK Lauffen"]
[BlackTeam "TSV Schönaich"]

1. e4 g6 2. Nc3 Bg7 3. Bc4 d6 4. d3 Nf6 5. f4 O-O 6. Nf3 c6 7. Bb3 b5 8. a4 b4
9. Ne2 a5 10. h3 Qb6 11. g4 Na6 12. Ng3 Nc5 13. Be3 Nfd7 14. e5 Qc7 15. Bc4
dxe5 16. f5 e4 17. Nxe4 Nxe4 18. dxe4 Bxb2 19. fxg6 hxg6 20. Ke2 Nf6 21. Ng5
Qe5 22. Nf3 Qxe4 23. Bd3 Ba6 24. Kf2 Bxd3 25. cxd3 Qe6 26. Rb1 Nd5 27. Rxb2
Qxe3+ 28. Kg3 Rad8 29. Re1 Qf4+ 30. Kf2 Rd7 31. Qb3 Nc3 32. Rd2 Rfd8 33. Re3
Rd4 34. Qc2 c5 35. Qc1 Rxd3 36. Rde2 0-1

[Event "WEM Meisterturnier 2015"]
[Site "Stuttgart Botnang"]
[Date "2015.09.01"]
[Round "4.12"]
[White "Schmidt, Olaf"]
[Black "Gabriel, Josef"]
[Result "0-1"]
[WhiteElo "2154"]
[BlackElo "2094"]
[PlyCount "82"]
[EventDate "2015.??.??"]
[EventCountry "GER"]
[SourceDate "2015.09.01"]
[WhiteTeam "SF Pfullingen"]
[BlackTeam "Stuttgarter SF"]

1. d4 g6 2. g3 Bg7 3. Bg2 Nf6 4. Nf3 O-O 5. O-O d6 6. a4 Bg4 7. a5 Qc8 8. Re1
Bh3 9. Bh1 c6 10. e4 h6 11. Qe2 Na6 12. c3 Nc7 13. Bg2 Qg4 14. Nfd2 Qd7 15. Nf3
Nh5 16. e5 Bxg2 17. Kxg2 d5 18. Nh4 c5 19. h3 cxd4 20. cxd4 Ne6 21. Qg4 Rac8
22. Bd2 Rc4 23. Bc3 Rfc8 24. f4 Qe8 25. Rd1 Kh7 26. Qf3 f5 27. Na3 R4c6 28. Nc2
Qf7 29. Ne3 Rd8 30. Rf1 Rd7 31. Kh2 Rc8 32. Nhg2 Bf8 33. g4 Nhg7 34. Rad1 Nc7
35. Nh4 e6 36. Rg1 Be7 37. Nxg6 Qxg6 38. gxf5 Qf7 39. Rxg7+ Qxg7 40. Rg1 Qf7
41. fxe6 Nxe6 0-1

[Event "WEM Meisterturnier 2015"]
[Site "Stuttgart Botnang"]
[Date "2015.09.01"]
[Round "4.14"]
[White "Koch, Martin"]
[Black "Meschke, Andreas"]
[Result "1/2-1/2"]
[WhiteElo "2058"]
[BlackElo "2098"]
[PlyCount "73"]
[EventDate "2015.??.??"]
[EventCountry "GER"]
[SourceDate "2015.09.01"]
[WhiteTeam "SC Botnang"]
[BlackTeam "SV Marbach"]

1. d4 d5 2. Bf4 c6 3. e3 Bf5 4. Nf3 Nd7 5. Bd3 e6 6. O-O Ngf6 7. h3 Be7 8. Nbd2
O-O 9. Bxf5 exf5 10. c4 Re8 11. Qb3 Qb6 12. c5 Qxb3 13. axb3 Nf8 14. b4 Ne6 15.
Bh2 Nd7 16. Ra3 a6 17. g4 fxg4 18. hxg4 Rac8 19. Rd3 Bd8 20. Nb1 Nf6 21. Ne5
Bc7 22. f3 Re7 23. Nc3 Rce8 24. Bg3 h5 25. gxh5 Nxh5 26. Bh2 Nf8 27. Nd1 f6 28.
Ng4 Bg3 29. Bxg3 Nxg3 30. Re1 Ng6 31. Kf2 Nf5 32. Nc3 Kf7 33. Rdd1 Nfh4 34. Kg3
Nf5+ 35. Kf2 Rd7 36. Re2 Red8 37. Ree1 1/2-1/2

[Event "WEM Meisterturnier 2015"]
[Site "Stuttgart Botnang"]
[Date "2015.09.01"]
[Round "4.15"]
[White "Bader, Gerd"]
[Black "Müller, Nils Samuel"]
[Result "1-0"]
[WhiteElo "2040"]
[BlackElo "1815"]
[PlyCount "47"]
[EventDate "2015.??.??"]
[EventCountry "GER"]
[SourceDate "2015.09.01"]
[WhiteTeam "SG Schwäbisch Gmünd"]
[BlackTeam "SG KK Hohentübingen"]

1. e4 c5 2. Nc3 e6 3. g3 Nc6 4. Bg2 a6 5. d3 Nf6 6. Nge2 Be7 7. O-O d5 8. exd5
exd5 9. Nf4 Be6 10. Re1 Qd6 11. b3 b5 12. a4 b4 13. Nce2 Rd8 14. d4 c4 15. Nxe6
fxe6 16. Nf4 Ne4 17. Bxe4 dxe4 18. Qh5+ Kd7 19. Rxe4 g6 20. Qg4 Nxd4 21. Be3 h5
22. Qd1 Nf5 23. Qe2 Nxe3 24. Rxe3 1-0

[Event "WEM Meisterturnier 2015"]
[Site "Stuttgart Botnang"]
[Date "2015.09.02"]
[Round "5.1"]
[White "Kabisch, Thilo"]
[Black "Reuß, Andreas"]
[Result "0-1"]
[WhiteElo "2286"]
[BlackElo "2324"]
[PlyCount "186"]
[EventDate "2015.??.??"]
[EventCountry "GER"]
[SourceDate "2015.09.01"]
[WhiteTeam "SK Schmiden/Cannstatt"]
[BlackTeam "Stuttgarter SF"]

1. e4 c6 2. d4 d5 3. Nc3 dxe4 4. Nxe4 Bf5 5. Ng3 Bg6 6. h4 h6 7. Nf3 Nd7 8. h5
Bh7 9. Bd3 Bxd3 10. Qxd3 e6 11. Bf4 Qa5+ 12. Bd2 Qc7 13. O-O-O Ngf6 14. Qe2 c5
15. Rhe1 O-O-O 16. Kb1 Bd6 17. Ne5 Rhf8 18. c3 Kb8 19. f4 Rc8 20. Rc1 Qd8 21.
Be3 Qe7 22. Red1 Rfd8 23. c4 Bc7 24. Bf2 Re8 25. Nf1 cxd4 26. Bxd4 Nxe5 27.
fxe5 Nd7 28. c5 Red8 29. Nd2 Ka8 30. Nc4 f6 31. Nd6 Rb8 32. exf6 Nxf6 33. Nb5
Bf4 34. Rc4 a6 35. Ra4 Qd7 36. Nc3 Nd5 37. Nxd5 exd5 38. b3 Rbc8 39. Bg1 Qf5+
40. Qd3 Qxd3+ 41. Rxd3 Be5 42. Rg4 d4 43. b4 b6 44. Re4 Rd5 45. cxb6 Rc4 46. a3
a5 47. Re2 axb4 48. Rb2 Rc3 49. b7+ Kb8 50. Rbd2 Rxa3 51. Rxa3 bxa3 52. Rd3
Kxb7 53. Ka2 Kb6 54. Kxa3 Kc5 55. Kb3 Bf6 56. Rc3+ Kb5 57. Rd3 Rxh5 58. Kc2
Rc5+ 59. Kd1 Kc4 60. Ra3 Rb5 61. Ra4+ Rb4 62. Rxb4+ Kxb4 63. Kc2 Kc4 64. Bf2
Bg5 65. Bg1 h5 66. Bh2 g6 67. Be5 Kd5 68. Bc7 Ke4 69. Kd1 Bf4 70. Bb6 Ke3 71.
Ke1 Bg3+ 72. Kf1 g5 73. Bc5 g4 74. Bb6 Be5 75. Bc5 Ke4 76. Be7 d3 77. Bb4 Ke3
78. Bc5+ Bd4 79. Be7 d2 80. Bg5+ Kd3 81. Bxd2 Kxd2 82. g3 Be5 83. Kg2 Ke2 84.
Kh2 Kf3 85. Kg1 Kxg3 86. Kh1 Kf3 87. Kg1 Bh2+ 88. Kh1 h4 89. Kxh2 Kf2 90. Kh1
Kg3 91. Kg1 Kh3 92. Kh1 g3 93. Kg1 g2 0-1

[Event "WEM Meisterturnier 2015"]
[Site "Stuttgart Botnang"]
[Date "2015.09.02"]
[Round "5.2"]
[White "Fischer, Sebastian"]
[Black "Latzke, Boris Alexander"]
[Result "1/2-1/2"]
[WhiteElo "2222"]
[BlackElo "2257"]
[PlyCount "29"]
[EventDate "2015.??.??"]
[EventCountry "GER"]
[SourceDate "2015.09.01"]
[WhiteTeam "TSV Schönaich"]
[BlackTeam "SK Bebenhausen"]

1. d4 Nf6 2. Nf3 e6 3. Bg5 h6 4. Bh4 d6 5. c3 Nbd7 6. h3 Be7 7. Nbd2 O-O 8. e3
b6 9. Qc2 Bb7 10. Rg1 Nd5 11. Bxe7 Qxe7 12. g4 Rfe8 13. g5 hxg5 14. Nxg5 Nf8
15. Bd3 1/2-1/2

[Event "WEM Meisterturnier 2015"]
[Site "Stuttgart Botnang"]
[Date "2015.09.02"]
[Round "5.3"]
[White "Hirneise, Jens"]
[Black "Schmidt, Tobias"]
[Result "1/2-1/2"]
[WhiteElo "2254"]
[BlackElo "2121"]
[PlyCount "75"]
[EventDate "2015.??.??"]
[EventCountry "GER"]
[SourceDate "2015.09.01"]
[WhiteTeam "SF Deizisau"]
[BlackTeam "SC Erdmannhausen"]

1. e4 e6 2. d4 d5 3. Nc3 Bb4 4. e5 c5 5. a3 Bxc3+ 6. bxc3 Qa5 7. Bd2 Qa4 8. Qb1
c4 9. Nf3 Nc6 10. h4 Nge7 11. h5 h6 12. Be2 Bd7 13. O-O O-O-O 14. Re1 Rdf8 15.
Nh2 f6 16. exf6 Rxf6 17. Bg4 Rhf8 18. Nf3 Nd8 19. Re2 Nf7 20. Qe1 Nf5 21. Rb1
N7d6 22. Bf4 Ne4 23. Rxe4 dxe4 24. Qxe4 Qc6 25. Qe5 Kd8 26. Qa5+ Ke8 27. Qxa7
Nh4 28. Bg3 Nxf3+ 29. Bxf3 Rxf3 30. gxf3 Bc8 31. Qb8 Rxf3 32. d5 exd5 33. Re1+
Kf7 34. Bh4 Kg8 35. Re7 Rf7 36. Re3 Kh7 37. Bg3 Rf5 38. Re5 1/2-1/2

[Event "WEM Meisterturnier 2015"]
[Site "Stuttgart Botnang"]
[Date "2015.09.02"]
[Round "5.4"]
[White "Namyslo, Holger"]
[Black "Sokratov, Stanislav"]
[Result "1/2-1/2"]
[WhiteElo "2227"]
[BlackElo "2192"]
[PlyCount "46"]
[EventDate "2015.??.??"]
[EventCountry "GER"]
[SourceDate "2015.09.01"]
[WhiteTeam "TG Biberach"]
[BlackTeam "SC Erdmannhausen"]

1. e4 c6 2. d4 d5 3. e5 Bf5 4. Bd3 Bxd3 5. Qxd3 e6 6. Ne2 Qa5+ 7. Nbc3 c5 8.
Bd2 cxd4 9. Nxd4 Nc6 10. Nxc6 bxc6 11. O-O Ne7 12. f4 g6 13. a4 Nf5 14. Kh1 Bb4
15. Rad1 h5 16. b3 Qb6 17. Rf3 Kf8 18. Ne2 Bxd2 19. Qxd2 c5 20. Ng3 Nd4 21. Rd3
h4 22. Nf1 Nf5 23. Ne3 Nxe3 1/2-1/2

[Event "WEM Meisterturnier 2015"]
[Site "Stuttgart Botnang"]
[Date "2014.09.02"]
[Round "5.5"]
[White "Reck, Moritz"]
[Black "Grill, Bernd"]
[Result "0-1"]
[WhiteElo "2157"]
[BlackElo "2220"]
[PlyCount "80"]
[EventDate "2015.??.??"]
[EventCountry "GER"]
[SourceDate "2015.09.01"]
[WhiteTeam "TSV Schönaich"]
[BlackTeam "SV Ebersbach"]

1. e4 Nf6 2. e5 Nd5 3. d4 d6 4. Nf3 dxe5 5. Nxe5 c6 6. Be2 Bf5 7. O-O Nd7 8.
Nf3 e6 9. Bg5 Be7 10. Bxe7 Qxe7 11. Bd3 Bg4 12. h3 Bh5 13. c3 Nf4 14. Bc2 O-O-O
15. Nbd2 g5 16. Qe1 Rhg8 17. Nh2 Be2 18. f3 Bxf1 19. Nhxf1 h5 20. Ne3 Nf6 21.
Ne4 N6d5 22. a4 g4 23. fxg4 hxg4 24. hxg4 Nxe3 25. Qxe3 Rxg4 26. g3 f5 27. Nf2
Rxg3+ 28. Qxg3 Ne2+ 29. Kg2 Nxg3 30. Kxg3 Qg5+ 31. Kf3 Qd2 32. Bb3 Qxb2 33.
Bxe6+ Kb8 34. Rd1 Qxc3+ 35. Rd3 Qa5 36. Bb3 a6 37. Nd1 Qe1 38. Ne3 Qh1+ 39. Ke2
f4 40. Nc4 Qe4+ 0-1

[Event "WEM Meisterturnier 2015"]
[Site "Stuttgart Botnang"]
[Date "2015.09.02"]
[Round "5.6"]
[White "Gheng, Josef"]
[Black "Smolny, Frieder"]
[Result "0-1"]
[WhiteElo "2376"]
[BlackElo "2156"]
[PlyCount "170"]
[EventDate "2015.??.??"]
[EventCountry "GER"]
[SourceDate "2015.09.01"]
[WhiteTeam "SC Erdmannhausen"]
[BlackTeam "SC Weiße Dame Ulm"]

1. c4 g6 2. g3 Bg7 3. Bg2 c5 4. Nc3 Nf6 5. Nh3 O-O 6. d3 Nc6 7. Nf4 Rb8 8. Nfd5
d6 9. Rb1 e6 10. Nxf6+ Qxf6 11. h4 h6 12. Bf4 Qe7 13. Qd2 Kh7 14. g4 e5 15.
Bxh6 Bxh6 16. g5 Bg7 17. h5 Kg8 18. h6 Bh8 19. h7+ Kg7 20. Bxc6 bxc6 21. Ne4 d5
22. Nf6 dxc4 23. Qe3 Rd8 24. Qg3 Qe6 25. dxc4 Qf5 26. e4 Qf4 27. Qxf4 exf4 28.
Ke2 Kf8 29. b3 Ke7 30. Rh4 Be6 31. Rbh1 f3+ 32. Ke3 a5 33. Kxf3 Rd2 34. Ra1
Rbd8 35. Kg3 Rb2 36. Rhh1 Rdd2 37. f3 Rg2+ 38. Kf4 Rbd2 39. Rad1 Bc8 40. Rxd2
Rxd2 41. Ke3 Rxa2 42. Rd1 Rh2 43. Ng8+ Ke8 44. Nh6 f6 45. Rd6 Bd7 46. e5 fxg5
47. Rxg6 Ke7 48. Rf6 Be6 49. Ke4 Re2+ 50. Kd3 Rxe5 51. Rg6 Bf5+ 52. Nxf5+ Rxf5
53. Ke2 Bd4 54. Rxc6 Kf7 55. Ra6 Re5+ 56. Kf1 Kg7 57. Ra7+ Kh8 58. Kg2 Re2+ 59.
Kg3 Rb2 60. Kg4 Be3 61. Rxa5 Rxb3 62. Ra7 Rb8 63. Re7 Bc1 64. Rc7 Be3 65. Re7
Rb3 66. Kh5 Bc1 67. Kg6 Rb6+ 68. Kf5 Rb8 69. Rc7 Rf8+ 70. Kg6 Be3 71. Re7 Bd4
72. Rc7 Rf6+ 73. Kxg5 Rxf3 74. Kg6 Rg3+ 75. Kh6 Be3+ 76. Kh5 Rg7 77. Rc8+ Kxh7
78. Re8 Bd4 79. Re6 Rg1 80. Re7+ Kg8 81. Ra7 Rg7 82. Ra6 Kf7 83. Kh6 Ke7 84.
Rc6 Rg1 85. Ra6 Kd7 0-1

[Event "WEM Meisterturnier 2015"]
[Site "Stuttgart Botnang"]
[Date "2015.09.02"]
[Round "5.7"]
[White "Gabriel, Josef"]
[Black "Gabriel, Robert"]
[Result "1/2-1/2"]
[WhiteElo "2094"]
[BlackElo "2184"]
[PlyCount "22"]
[EventDate "2015.??.??"]
[EventCountry "GER"]
[SourceDate "2015.09.01"]
[WhiteTeam "Stuttgarter SF"]
[BlackTeam "Stuttgarter SF"]

1. e4 e6 2. d4 d5 3. exd5 exd5 4. Bd3 Nf6 5. Bf4 Bd6 6. Bxd6 Qxd6 7. Nf3 O-O 8.
O-O Re8 9. Nbd2 Bg4 10. c3 Nbd7 11. Qc2 c6 1/2-1/2

[Event "WEM Meisterturnier 2015"]
[Site "Stuttgart Botnang"]
[Date "2015.09.02"]
[Round "5.8"]
[White "Höglauer, Patrick"]
[Black "Maj, Kornel"]
[Result "0-1"]
[WhiteElo "2168"]
[BlackElo "2051"]
[PlyCount "108"]
[EventDate "2015.??.??"]
[EventCountry "GER"]
[SourceDate "2015.09.01"]
[WhiteTeam "SV Backnang"]
[BlackTeam "Stuttgarter SF"]

1. d4 Nf6 2. c4 e6 3. Nf3 b6 4. a3 Bb7 5. Nc3 d5 6. cxd5 exd5 7. g3 Be7 8. Bg2
O-O 9. O-O c5 10. Bf4 Na6 11. Rc1 Nc7 12. Qd2 Ne6 13. Rfd1 Rc8 14. Bh3 Nxd4 15.
Nxd4 cxd4 16. Qxd4 Rc4 17. Qe5 Re8 18. Nb5 Bc5 19. Qf5 Rxc1 20. Bxc1 Rxe2 21.
Rf1 Qe8 22. Qd3 Rxf2 23. Nd4 Rxf1+ 24. Kxf1 Qe4 25. Qxe4 dxe4 26. Nf5 g6 27. b4
Bf8 28. Nh6+ Bxh6 29. Bxh6 Nd5 30. Bd7 a6 31. Ke2 b5 32. h4 Nb6 33. Be8 f5 34.
Kf2 Bd5 35. Ke2 Bc4+ 36. Ke3 Bf7 37. Bc6 Nc4+ 38. Kd4 Nxa3 39. Bb7 Nc2+ 40. Kc3
Ne1 41. Bxa6 Bc4 42. Kd4 Nd3 43. Bd2 Kf7 44. Bb7 Ke6 45. Bc6 Ne5 46. Kc5 Ng4
47. Bxb5 Bxb5 48. Kxb5 e3 49. Bc3 Kd5 50. Ka6 Kc4 51. Be1 Ne5 52. b5 Nd7 53.
Ba5 Nc5+ 54. Kb6 Nb3 0-1

[Event "WEM Meisterturnier 2015"]
[Site "Stuttgart Botnang"]
[Date "2015.09.02"]
[Round "5.9"]
[White "Geshnizjani, Ramin Tobias"]
[Black "Gustain, Marc"]
[Result "1-0"]
[WhiteElo "2081"]
[BlackElo "2156"]
[PlyCount "81"]
[EventDate "2015.??.??"]
[EventCountry "GER"]
[SourceDate "2015.09.01"]
[WhiteTeam "Heilbronner SV"]
[BlackTeam "SF Deizisau"]

1. e4 c5 2. c3 Qa5 3. Nf3 Nc6 4. Na3 e6 5. Nc4 Qc7 6. d4 cxd4 7. cxd4 d5 8.
exd5 exd5 9. Ne3 Nf6 10. Bd3 Bd6 11. O-O O-O 12. Bd2 Qb6 13. Bc3 Re8 14. Re1
Be6 15. Ng5 Rad8 16. Nxe6 Rxe6 17. Nf5 Rxe1+ 18. Qxe1 Bf8 19. Qe3 Re8 20. Qg5
Kh8 21. Nh6 Nd8 22. Ng4 Nxg4 23. Qxg4 g6 24. Qf3 Qd6 25. Bc2 Bg7 26. Bb3 Re4
27. Bc2 Re7 28. Bb3 Rd7 29. Ba4 Nc6 30. Re1 h6 31. Re8+ Kh7 32. h4 a6 33. h5 b5
34. Bc2 b4 35. hxg6+ fxg6 36. Qg4 bxc3 37. Re6 Nxd4 38. Qxg6+ Kg8 39. Rxd6 Rxd6
40. Qxd6 Nxc2 41. Qxd5+ 1-0

[Event "WEM Meisterturnier 2015"]
[Site "Stuttgart Botnang"]
[Date "2015.09.02"]
[Round "5.10"]
[White "Behrendt, Clemens"]
[Black "Kunz, Walter"]
[Result "1/2-1/2"]
[WhiteElo "2120"]
[BlackElo "2167"]
[PlyCount "93"]
[EventDate "2015.??.??"]
[EventCountry "GER"]
[SourceDate "2015.09.01"]
[WhiteTeam "SC Böblingen"]
[BlackTeam "SC Botnang"]

1. Nf3 d5 2. g3 Nf6 3. Bg2 e6 4. O-O Be7 5. c4 O-O 6. b3 c5 7. Na3 Nc6 8. cxd5
exd5 9. d4 a6 10. Bb2 Bf5 11. Nc2 Rc8 12. dxc5 Bxc5 13. Ncd4 Bg6 14. Rc1 Ba7
15. Nxc6 bxc6 16. Ne5 Qb6 17. Nxg6 hxg6 18. e3 Rfe8 19. Bd4 Qb7 20. Qd3 Ne4 21.
Bxa7 Qxa7 22. Rfd1 a5 23. Qd4 Qb7 24. Qa4 Qb6 25. Qd4 Qb7 26. Rc2 Qa6 27. Rdc1
Qb5 28. Bf1 Qb7 29. Qa4 Re6 30. Bg2 f5 31. Qxa5 g5 32. Qe1 Kf7 33. f3 Nf6 34.
Qf2 g6 35. h3 Kg7 36. Rc3 Rce8 37. Qd2 Qc7 38. f4 gxf4 39. exf4 Qb6+ 40. Qf2
Qxf2+ 41. Kxf2 Re2+ 42. Kg1 Rxa2 43. Bf3 Ne4 44. Rxc6 Nxg3 45. Rc7+ Kh6 46.
R1c2 Ne2+ 47. Bxe2 1/2-1/2

[Event "WEM Meisterturnier 2015"]
[Site "Stuttgart Botnang"]
[Date "2015.09.02"]
[Round "5.11"]
[White "Engelhart, Achim"]
[Black "Koch, Martin"]
[Result "1/2-1/2"]
[WhiteElo "2140"]
[BlackElo "2058"]
[PlyCount "31"]
[EventDate "2015.??.??"]
[EventCountry "GER"]
[SourceDate "2015.09.01"]
[WhiteTeam "Post-SV Ulm"]
[BlackTeam "SC Botnang"]

1. e4 c5 2. Nf3 e6 3. d4 cxd4 4. Nxd4 Nf6 5. Nc3 d6 6. g4 h6 7. h3 a6 8. Bg2
Qc7 9. Be3 Nc6 10. Qe2 Bd7 11. O-O-O Rc8 12. f4 b5 13. Nxc6 Bxc6 14. Rhe1 Be7
15. a3 Nd7 16. Bd4 1/2-1/2